Responsible fit-out toolkit (Record no. 116240)
[ view plain ]
| 000 -LEADER | |
|---|---|
| fixed length control field | 01251cam a22002295a 4500 |
| 001 - CONTROL NUMBER | |
| control field | L160128 |
| 008 - FIXED-LENGTH DATA ELEMENTS--GENERAL INFORMATION | |
| fixed length control field | 180719s2018 xxk f 000 0 eng d |
| 035 ## - SYSTEM CONTROL NUMBER | |
| System control number | (Sirsi) u160128 |
| 041 0# - LANGUAGE CODE | |
| Language code of text/sound track or separate title | eng |
| 110 2# - MAIN ENTRY--CORPORATE NAME | |
| Corporate name or jurisdiction name as entry element | Building Better Partnership |
| 9 (RLIN) | 6209 |
| 245 00 - TITLE STATEMENT | |
| Title | Responsible fit-out toolkit |
| Remainder of title | Offices |
| Medium | [electronic resource] |
| 520 ## - SUMMARY, ETC. | |
| Summary, etc. | This Toolkit supports owners and occupiers in delivering responsible office fit-outs that incorporate sustainability and wellbeing principles.Structured around the fit-out process, it sets out key principles for owners and occupiers to collaborate on - from initially finding space, through to project design, construction and operation.Each section outlines key principles, showcases innovative case studies, and brings together essential resources and guidance from across the industry into one place |
| 590 ## - LOCAL NOTE (RLIN) | |
| Local note | NTK |
| 650 24 - SUBJECT ADDED ENTRY--TOPICAL TERM | |
| Topical term or geographic name entry element | OFFICES |
| 650 24 - SUBJECT ADDED ENTRY--TOPICAL TERM | |
| Topical term or geographic name entry element | TOOLKIT |
| 651 #4 - SUBJECT ADDED ENTRY--GEOGRAPHIC NAME | |
| Geographic name | United Kingdom |
| Chronological subdivision | |
| 690 ## - LOCAL SUBJECT ADDED ENTRY--TOPICAL TERM (OCLC, RLIN) | |
| Topical term or geographic name as entry element | Facilities management |
| 9 (RLIN) | 6240 |
| 690 ## - LOCAL SUBJECT ADDED ENTRY--TOPICAL TERM (OCLC, RLIN) | |
| Topical term or geographic name as entry element | Commercial property |
| 9 (RLIN) | 6227 |
| 690 ## - LOCAL SUBJECT ADDED ENTRY--TOPICAL TERM (OCLC, RLIN) | |
| Topical term or geographic name as entry element | Sustainability |
| 9 (RLIN) | 6271 |
| 856 40 - ELECTRONIC LOCATION AND ACCESS | |
| Uniform Resource Identifier | <a href="https://www.betterbuildingspartnership.co.uk/responsible-fit-out-toolkit-offices">https://www.betterbuildingspartnership.co.uk/responsible-fit-out-toolkit-offices</a> |
| Public note | View the item free of charge from the www.betterbuildingspartnership.co.uk website. |
| 942 ## - ADDED ENTRY ELEMENTS (KOHA) | |
| Suppress in OPAC | 0 |
| Withdrawn status | Lost status | Source of classification or shelving scheme | Damaged status | Not for loan | Home library | Current library | Shelving location | Date acquired | Total Checkouts | Full call number | Barcode | Date last seen | Copy number | Price effective from | Koha item type |
|---|---|---|---|---|---|---|---|---|---|---|---|---|---|---|---|
| Dewey Decimal Classification | Virtual | Virtual | Online | 19/07/2018 | ONLINE PUBLICATION | 160128-2001 | 06/08/2019 | 1 | 06/08/2019 | Book |